Bird flu : (Record no. 1930)
[ view plain ]
| 000 -LEADER | |
|---|---|
| fixed length control field | 01706cam a22004094a 4500 |
| 001 - CONTROL NUMBER | |
| JCCL Control Number | 1930 |
| 003 - CONTROL NUMBER IDENTIFIER | |
| JCCL marc code | BD-JhCC |
| 005 - DATE AND TIME OF LATEST TRANSACTION | |
| control field | 20171026172907.0 |
| 008 - FIXED-LENGTH DATA ELEMENTS--GENERAL INFORMATION | |
| fixed length control field | 051213s2006 nju b 001 0 eng |
| 020 ## - INTERNATIONAL STANDARD BOOK NUMBER | |
| International Standard Book Number | 9780470038642 |
| 020 ## - INTERNATIONAL STANDARD BOOK NUMBER | |
| International Standard Book Number | 0470038640 (pbk. : alk. paper) |
| 035 ## - SYSTEM CONTROL NUMBER | |
| system control number | (BD-JhCC)1930 |
| 040 ## - CATALOGING SOURCE | |
| Original cataloging agency | DNLM/DLC |
| Transcribing agency | DLC |
| Modifying agency | DLC |
| 041 ## - LANGUAGE CODE | |
| Language code of Book | eng |
| 050 00 - LIBRARY OF CONGRESS CALL NUMBER | |
| Classification number | RA644.I6 |
| Item number | S534 2006 |
| 060 10 - NATIONAL LIBRARY OF MEDICINE CALL NUMBER | |
| Classification number | WC 515 |
| Item number | S571b 2006 |
| 082 00 - DEWEY DECIMAL CLASSIFICATION NUMBER | |
| Classification number | 614.5/18 |
| DDC Edition number | 22 |
| Author mark and Year | SIE 2006 |
| 100 1# - MAIN ENTRY--PERSONAL NAME | |
| Personal name | Siegel, Marc |
| Fuller form of name | (Marc K.) |
| 245 10 - TITLE STATEMENT | |
| Title | Bird flu : |
| Remainder of title | everything you need to know about the next pandemic / |
| Statement of responsibility, etc | Marc Siegel. |
| 260 ## - PUBLICATION, DISTRIBUTION, ETC. (IMPRINT) | |
| Place of publication, distribution, etc | Hoboken, N.J. : |
| Name of publisher, distributor, etc | Wiley, |
| Date of publication, distribution, etc | c2006. |
| 300 ## - PHYSICAL DESCRIPTION | |
| Pagination | vi, 202 p. ; |
| Dimensions | 22 cm. |
| 504 ## - BIBLIOGRAPHY, ETC. NOTE | |
| Bibliography, etc | Includes bibliographical references (p. 183-202) and index. |
| 505 0# - FORMATTED CONTENTS NOTE | |
| Formatted contents note | Bird flu basics -- The history of bird flu -- Spanish flu versus swine flu -- A bird's eye view -- Tamiflu and the bird flu vaccine -- Our culture of fear -- SARS -- The other flu -- Do we know a pandemic when we see one? AIDS versus bird flu -- Perspectives. |
| 650 #0 - SUBJECT ADDED ENTRY--TOPICAL TERM | |
| Topical term or geographic name as entry element | Avian influenza. |
| 650 12 - SUBJECT ADDED ENTRY--TOPICAL TERM | |
| Topical term or geographic name as entry element | Influenza, Human |
| General subdivision | etiology. |
| 650 12 - SUBJECT ADDED ENTRY--TOPICAL TERM | |
| Topical term or geographic name as entry element | Influenza, Human |
| General subdivision | transmission. |
| 650 22 - SUBJECT ADDED ENTRY--TOPICAL TERM | |
| Topical term or geographic name as entry element | Influenza in Birds |
| General subdivision | transmission. |
| 650 22 - SUBJECT ADDED ENTRY--TOPICAL TERM | |
| Topical term or geographic name as entry element | Influenza Vaccines. |
| 650 22 - SUBJECT ADDED ENTRY--TOPICAL TERM | |
| Topical term or geographic name as entry element | Influenza A Virus, H5N1 Subtype. |
| 650 22 - SUBJECT ADDED ENTRY--TOPICAL TERM | |
| Topical term or geographic name as entry element | Disease Outbreaks. |
| 655 #2 - | |
| Genre/form data or focus term | Popular Works. |
| 856 41 - ELECTRONIC LOCATION AND ACCESS | |
| Materials specified | Table of contents only |
| Uniform Resource Identifier | http://www.loc.gov/catdir/toc/ecip065/2005036110.html |
| 856 42 - ELECTRONIC LOCATION AND ACCESS | |
| Materials specified | Publisher description |
| Uniform Resource Identifier | http://www.loc.gov/catdir/enhancements/fy0650/2005036110-d.html |
| 856 42 - ELECTRONIC LOCATION AND ACCESS | |
| Materials specified | Contributor biographical information |
| Uniform Resource Identifier | http://www.loc.gov/catdir/enhancements/fy0741/2005036110-b.html |
| 942 ## - ADDED ENTRY ELEMENTS (KOHA) | |
| Source of classification or shelving scheme | Dewey Decimal Classification |
| Koha item type | Books |
| Source of classification or shelving scheme | Damaged status | Not for loan | Home library | Current library | Shelving location | Total Checkouts | Full call number | Barcode | Date last seen | Copy number | Koha item type |
|---|---|---|---|---|---|---|---|---|---|---|---|
| Dewey Decimal Classification | JCC Rouf Library | JCC Rouf Library | General Stacks | 614.5/18 SIE 2006 | 2931 | 10/26/2017 | C-1 | Books |